000 00563cam a2200181 a 4500
001 488780
005 20250325100548.0
008 871208s1983 ru b 000 0 ruso
020 _c0.95rub
050 0 0 _aLB2831.626.S65
_bB47 1983
100 1 _aBerezni︠a︡k, Evgeniĭ.
245 1 0 _aRukovodstvo sovremennoĭ shkoloĭ /
_cE.S. Berezni︠a︡k.
260 _aMoskva :
_b"Prosveshchenie",
_c1983.
300 _a205, [2] p. ;
_c22 cm.
440 0 _aBiblioteka direktora shkoly
650 0 _aSchool management and organization
_zSoviet Union.
942 _2lcc
_cBK
_n0
999 _c5165
_d5165